000 00793nam a2200241Ia 4500
001 2953
003 GE_BSU
008 181216s||||||||xx |||||||||||||| ||und||
020 _a588126168Х
040 _cGE_BSU
080 _a330.1+330.101
100 _aА.Н. Голиков. С.В. Ермилова, Е.А. др.;
245 _aСборник задач по экономической теории:
245 _bМикроэкономика и Макроэкономика
260 _aКиров
260 _bГАСА
260 _c1997
300 _a264 ст 24 см.
541 _h7 Л. 40 Т.
653 _aМикроэкономика и Макроэкономика
653 _aСборник задач по экономической теории:
942 _cBK
999 _c37001
_d37001